00667pam a2200205 a 4500001000500000005001700005020001500022040002300037050002400060082001400084100002300098245002900121260003500150300002300185505000800208520017900216521002000395521002000415650002600435113220240206153719.0 a0590430297 aDLCcDLCdDLCbeng00aPZ7.J15417bSh 199000a[Fic]2201 aJames, Maryd1927-10aShoebag /cby Mary James aNew York :bScholastic,c1990. a135 pages :c20 cm aR  aShoebag, a happy young cockroach who finds himself suddenly changed into a little boy, changes the lives of those around him before returning to his former life as an insect. a780 bLexile  aR bRaz-Plus  1aCockroachesxFiction.